ბათუმის შოთა რუსთაველის სახელმწიფო უნივერსიტეტის ბიბლიოთეკა

შესავალი საქართველოს სამოქალაქო სამართლის ზოგად ნაწილში : (ბიბ.ჩანაწერი № 59553)

000 -ლიდერი
ფიქსირებული სიგრძის საკონტროლო ველი 01267nam a22002057a 4500
003 - საკონტროლო ნომრის იდენტიფიკატორი
საკონტროლო ველი Ge_BSU
005 - ბოლო ოპერაციის თარიღი და დრო
საკონტროლო ველი 20230314113323.0
008 - ფიქსირებული სიგრძის მონაცემთა ელემენტები - ზოგადი ინფორმაცია
ფიქსირებული სიგრძის საკონტროლო ველი 230314s2000 ge ||||| |||| 00| 0 geo d
041 ## - ენის კოდი
Language code of text/sound track or separate title geo
080 ## - უნივერსალური ათობითი კლასიფიკაციის ინდექსი
Universal Decimal Classification number 347(479.22)(075.8) ჭ-23
100 ## - მთავარი ჩანაწერი - პიროვნების სახელი
Personal name ჭანტურია, ლადო
9 (RLIN) 17201
245 ## - ცნობა სათაურის შესახებ
Title შესავალი საქართველოს სამოქალაქო სამართლის ზოგად ნაწილში :
Remainder of title (დამხმ. სახელმძღვ. იურიდ. ფაკ. სტუდ.) /
Statement of responsibility, etc ლადო ჭანტურია ; [რედ. სერგო ჯორბენაძე].
264 ## - წარმოების, გამოცემის, დისტრიბუციის და სხვა ცნობები
გამოცემის, წარმოების, დისტრიბუციის... ადგილი თბილისი :
გამოცემის, წარმოების, დისტრიბუციის... სახელწოდება სამართალი,
გამოცემის, წარმოების, დისტრიბუციის... თარიღი 2000.
300 ## - ფიზიკური აღწერა
Extent 434 გვ. ;
Other physical details 22 სმ.
501 ## - შენიშვნა თანმხლებ მასალაზე
With note უცხოენოვან გამოთქმათა ქართული ტრანსკრიპცია და თარგმანი: გვ. 422-432.
504 ## - BIBLIOGRAPHY, ETC. NOTE
Bibliography, etc ბიბლიოგრ. ტექსტ. შენიშვნ.
653 ## - INDEX TERM--UNCONTROLLED
Uncontrolled term საქართველოს სამოქალაქო სამართალი
700 ## - ADDED ENTRY--PERSONAL NAME
Personal name ჯორბენაძე, სერგო
Relator term რედაქტორი
9 (RLIN) 4014
942 ## - ADDED ENTRY ELEMENTS (KOHA)
Source of classification or shelving scheme
Koha item type წიგნი
ეგზემპლარები
ჩამოწერის სტატუსი დაკარგული ეგზემპლარის სტატუსი კლასიფიკაციის წყარო ან თაროზე გაწყობის სქემა დაზიანების სტატუსი არ გაიცემა მუდმივი მდებარეობა (დაცვის ადგილი) ამჟამინდელი ადგილსამყოფელი თაროზე განთავსების ადგილი შეძენის თარიღი ღირებულება, შესყიდვის ნორმალური ფასი სრული შენახვის შიფრი შტრიხკოდი ბოლო ოპერაციის თარიღი ეგზემპლარის მიმდევრობითი ნომერი (კეტერი?) ფასის ძალაში შესვლის თარიღი ეგზემპლარის სახეობა საჯარო შენიშვნა
          ბათუმის შოთა რუსთაველის სახელმწიფო უნივერსიტეტის მთავარი ბიბლიოთეკა ბათუმის შოთა რუსთაველის სახელმწიფო უნივერსიტეტის მთავარი ბიბლიოთეკა წიგნსაცავი 2023-03-14 10.00 347(479.22)(075.8) ჭ-23 64026 2023-03-14 64026 2023-03-14 წიგნი 10 ლ.
          ბათუმის შოთა რუსთაველის სახელმწიფო უნივერსიტეტის მთავარი ბიბლიოთეკა ბათუმის შოთა რუსთაველის სახელმწიფო უნივერსიტეტის მთავარი ბიბლიოთეკა წიგნსაცავი 2025-10-17 12.00 347(479.22)(075.8) ჭ-23 72744 2025-10-17 72744 2025-10-17 წიგნი 12ლ.80თ.
          ბათუმის შოთა რუსთაველის სახელმწიფო უნივერსიტეტის მთავარი ბიბლიოთეკა ბათუმის შოთა რუსთაველის სახელმწიფო უნივერსიტეტის მთავარი ბიბლიოთეკა წიგნსაცავი 2025-10-17 12.00 347(479.22)(075.8) ჭ-23 72745 2025-10-17 72745 2025-10-17 წიგნი 12ლ.80თ.